Zdaňovanie príjmov z operácií na devízových trhoch diplomová práca
Saved in:
| Main Author: | |
|---|---|
| Corporate Author: | |
| Other Authors: | |
| Format: | Book |
| Language: | Slovak |
| Published: |
Bratislava
2017
|
| Tags: |
No Tags, Be the first to tag this record!
|
MARC
| LEADER | 00000nbm a2200000 4500 | ||
|---|---|---|---|
| 001 | 0231882 | ||
| 005 | 20190405082826.5 | ||
| 041 | 0 | |a slo | |
| 044 | |a SK | ||
| 245 | 1 | 0 | |a Zdaňovanie príjmov z operácií na devízových trhoch |b diplomová práca |c Martin Pavlis ; školiteľ: Jana Kubicová |
| 264 | 1 | |a Bratislava |c 2017 | |
| 300 | |a 55 s. | ||
| 100 | 1 | |a Pavlis, Martin | |
| 700 | 1 | |a Kubicová, Jana, 1961- | |
| 710 | 2 | |a Národohospodárska fakulta EU. Katedra financií | |